| 000 | 00434nam a2200181Ia 4500 | ||
|---|---|---|---|
| 005 | 20250603145218.0 | ||
| 008 | 250603s9999 xx 000 0 und d | ||
| 020 | _a978-978-949-710-2 | ||
| 050 | _aKP 110 .G8/ | ||
| 100 | _aGurin Aminu Muhammed | ||
| 245 | 0 | _aIslamic Law of Succession.[Testate and Intestate] | |
| 260 | _aLagos | ||
| 260 | _bMalthouse | ||
| 260 | _c2015 | ||
| 300 | _a145 p | ||
| 650 | _aLagos | ||
| 942 | _cBK | ||
| 999 |
_c41200 _d41200 |
||